<?xml version="1.0" encoding="UTF-8"?>
<record
    xmlns:xsi="http://www.w3.org/2001/XMLSchema-instance"
    xsi:schemaLocation="http://www.loc.gov/MARC21/slim http://www.loc.gov/standards/marcxml/schema/MARC21slim.xsd"
    xmlns="http://www.loc.gov/MARC21/slim">

  <leader>01974nam a22003975i 4500</leader>
  <controlfield tag="001">156473</controlfield>
  <controlfield tag="003">ES-MaACL</controlfield>
  <controlfield tag="005">20250825235700.0</controlfield>
  <controlfield tag="008">001106s1752    fr af        |||| | fre d</controlfield>
  <datafield tag="040" ind1=" " ind2=" ">
    <subfield code="a">CCPB | B </subfield>
    <subfield code="b">spa </subfield>
    <subfield code="c">CCPB | B</subfield>
  </datafield>
  <datafield tag="080" ind1=" " ind2=" ">
    <subfield code="a">528.2(02)"17"</subfield>
  </datafield>
  <datafield tag="100" ind1="1" ind2=" ">
    <subfield code="a">Juan, Jorge,</subfield>
    <subfield code="d">1713-1773</subfield>
    <subfield code="e">aut</subfield>
    <subfield code="9">67092</subfield>
  </datafield>
  <datafield tag="245" ind1="1" ind2="0">
    <subfield code="a">Voyage historique de l'Am&#xE9;rique M&#xE9;ridionale :</subfield>
    <subfield code="b">fait par ordre du Roi d'Espagne. </subfield>
    <subfield code="n">Tome premier /</subfield>
    <subfield code="c">par Don George Juan... et par Don Antoine de Ulloa... et qui contient une Histoire des yncas du Perou et les Observations astronomiques et physiques, faites pour d&#xE9;terminer la figure et la grandeur de la Terre</subfield>
  </datafield>
  <datafield tag="246" ind1="1" ind2=" ">
    <subfield code="a">Histoire des yncas du Perou et les Observations Astronomiques et Physiques, faites pour d&#xE9;terminer la Figure et la Grandeur de la Terre</subfield>
  </datafield>
  <datafield tag="260" ind1=" " ind2=" ">
    <subfield code="a">A Paris : </subfield>
    <subfield code="b">chez Charles-Antoine Jombert, </subfield>
    <subfield code="c">1752.</subfield>
  </datafield>
  <datafield tag="300" ind1=" " ind2=" ">
    <subfield code="a">[3], 316, [12], 309, [3] p&#xE1;ginas, XLV hojas de l&#xE1;minas. ; </subfield>
    <subfield code="c">4&#xBA;.</subfield>
  </datafield>
  <datafield tag="597" ind1=" " ind2="1">
    <subfield code="a">Sign.: []\p1\s, A-2Q\p4\s, 2R\p5\s, *\p4\s, A-2Q\p4\s.</subfield>
  </datafield>
  <datafield tag="597" ind1=" " ind2="1">
    <subfield code="a">Segunda obra con port. y pag. propias</subfield>
  </datafield>
  <datafield tag="597" ind1=" " ind2="1">
    <subfield code="a">Port. a dos tintas con grab. calc.</subfield>
  </datafield>
  <datafield tag="599" ind1=" " ind2="1">
    <subfield code="a">Front. calc.: "Picart inv. et delin. 1733. Du Flos sculp."</subfield>
  </datafield>
  <datafield tag="599" ind1=" " ind2="1">
    <subfield code="a">Las l&#xE1;minas son grabados calcogr&#xE1;ficos</subfield>
  </datafield>
  <datafield tag="650" ind1=" " ind2="4">
    <subfield code="a">Incas-</subfield>
    <subfield code="x">Historia</subfield>
    <subfield code="9">13646</subfield>
  </datafield>
  <datafield tag="650" ind1=" " ind2="4">
    <subfield code="a">Expediciones cient&#xED;ficas-</subfield>
    <subfield code="z">Am&#xE9;rica del Sur</subfield>
    <subfield code="9">163000</subfield>
  </datafield>
  <datafield tag="651" ind1=" " ind2="4">
    <subfield code="a">Am&#xE9;rica del Sur-</subfield>
    <subfield code="x">Descripci&#xF3;n-</subfield>
    <subfield code="y">S.XVIII</subfield>
    <subfield code="9">7714</subfield>
  </datafield>
  <datafield tag="651" ind1=" " ind2="4">
    <subfield code="a">Per&#xFA;-</subfield>
    <subfield code="x">Descripci&#xF3;n</subfield>
    <subfield code="9">157224</subfield>
  </datafield>
  <datafield tag="651" ind1=" " ind2="4">
    <subfield code="a">Per&#xFA;-</subfield>
    <subfield code="x">Historia-</subfield>
    <subfield code="y">Epoca prehisp&#xE1;nica, hasta 1522</subfield>
    <subfield code="9">9228</subfield>
  </datafield>
  <datafield tag="651" ind1=" " ind2="7">
    <subfield code="a">Tierra (Planeta)</subfield>
    <subfield code="2"></subfield>
    <subfield code="9">155244</subfield>
  </datafield>
  <datafield tag="700" ind1="1" ind2=" ">
    <subfield code="a">Ulloa, Antonio de,</subfield>
    <subfield code="d">1716-1795</subfield>
    <subfield code="e">aut</subfield>
    <subfield code="9">156744</subfield>
  </datafield>
  <datafield tag="700" ind1="1" ind2=" ">
    <subfield code="a">Jombert, Charles-Antoine,</subfield>
    <subfield code="d">1712-1784</subfield>
    <subfield code="e">prm</subfield>
    <subfield code="9">222591</subfield>
  </datafield>
  <datafield tag="752" ind1=" " ind2=" ">
    <subfield code="a">Francia - </subfield>
    <subfield code="d">Par&#xED;s</subfield>
  </datafield>
  <datafield tag="852" ind1=" " ind2=" ">
    <subfield code="a">ES-MaACL</subfield>
    <subfield code="c">DEPO</subfield>
    <subfield code="d">Olim: F-747-48</subfield>
    <subfield code="f">Ex-libris de A. Merino Strada</subfield>
    <subfield code="j">R-194-95    </subfield>
    <subfield code="x"> Holandesa</subfield>
  </datafield>
  <datafield tag="942" ind1=" " ind2=" ">
    <subfield code="c">MONANT</subfield>
    <subfield code="n">0</subfield>
  </datafield>
  <datafield tag="999" ind1=" " ind2=" ">
    <subfield code="c">156473</subfield>
    <subfield code="d">156473</subfield>
  </datafield>
  <datafield tag="952" ind1=" " ind2=" ">
    <subfield code="0">0</subfield>
    <subfield code="1">0</subfield>
    <subfield code="4">0</subfield>
    <subfield code="7">0</subfield>
    <subfield code="8">LIBXVIII</subfield>
    <subfield code="a">ATENEOM</subfield>
    <subfield code="b">ATENEOM</subfield>
    <subfield code="c">DEPO</subfield>
    <subfield code="d">2008-01-17</subfield>
    <subfield code="l">0</subfield>
    <subfield code="o">R-194-95</subfield>
    <subfield code="p">1163705</subfield>
    <subfield code="r">2023-02-23 00:00:00</subfield>
    <subfield code="w">2023-02-23</subfield>
    <subfield code="y">MONANT</subfield>
  </datafield>
</record>
